Statistiken für Liedtext - Was du Liebe nennst - Bausa

Klicken Sie hier um das Quiz zu spielen!

Allgemein

  • Dieses Quiz wurde 824 mal gespielt
  • Das Durchschnittsergebnis liegt bei 286 aus 368

Antwortstatistiken

Textquiz% Korrekt
du
100%
liebe
100%
Liebe
100%
'n'
100%
was
100%
nennst
99%
Ich
98%
ich
98%
mir
98%
dem
96%
es
96%
gib
96%
ist
96%
keine
95%
mehr
95%
von
95%
wenn
95%
Auch
94%
auch
94%
Baby
94%
war
91%
dir
89%
heute
88%
Nacht
88%
vergessen
87%
zu
86%
bei
85%
mein
85%
mein'
85%
Herz
82%
Hilf
82%
Park'
72%
park'
72%
Deine
69%
Oh
68%
wie
67%
Wie
67%
und
63%
Und
63%
wir
62%
mit
61%
nicht
60%
Nicht
60%
sie
60%
Sie
60%
weißt
59%
Eis
57%
kalt
57%
deiner
56%
roll'
56%
zwei
56%
mal
55%
werden
55%
Gin
54%
high
54%
scheiß
53%
auf
52%
lass'
52%
Mix'
52%
Tonic
51%
diesem
50%
Fake-Love
50%
rede
49%
Drake-Song
48%
den
47%
der
47%
das
46%
so
46%
Also
45%
will
45%
Dragon
44%
schmelzen
44%
ein'n
43%
Sendung
43%
Ball
42%
voll
41%
komm'
40%
Wünsche
40%
aber
39%
Erfüll'
39%
in
39%
gut
38%
Benz
37%
deinem
37%
geh'
37%
vor
37%
dafür
36%
echt
36%
hier
36%
Jib
36%
Mach
35%
Tür
35%
weg
35%
nur
34%
wissen
34%
Hase
33%
läuft
33%
ey
32%
Bett
31%
L$D
31%
wieder
31%
Zeug
31%
harte
30%
Komplett
30%
Spotify
30%
weiter
30%
ruft
29%
bleibst
28%
lang
28%
wach
28%
A$AP
27%
Rocky
27%
straight
27%
Hennessy
21%
Shenlong
20%
Ella
19%
ella
19%
Bees
18%
Jägi-Energy
18%
Birds
17%
Harmonies
15%

Verteilung der Resultate

Perzentil nach korrekt beantworteten Fragen

Anzahl Personen mit jedem Resultat

Ihre Resultats-Entwicklung

Sie haben dieses Quiz noch nicht gespielt